02081cam a22002535a 4500999001700000005001700017008004100034020001800075040003300093082002000126100002600146245011800172260005300290300003400343504005100377520105000428650004601478650007601524650004701600651001001647653002201657942000801679952014001687 c27248d2721920190321103139.0170309t2017 enka frb 001 0 eng d a9781316617700 aDLCbengcDLCdDLCdEG-ScBUE04a362.87bKOV2221 aKovras, Iosif,d1983-10aGrassroots activism and the evolution of transitional justice :bthe families of the disappeared /cIosif Kovras. aNew York :bCambridge University Press,cc.2017. axii, 291 p. :bill. ;c24 cm. aIncludes bibliographical references and index. aThe families of the disappeared have long struggled to uncover the truth about their missing relatives. In so doing, their mobilization has shaped central transitional justice norms and institutions, as this ground-breaking work demonstrates. Kovras combines a new global database with the systematic analysis of four challenging case studies - Lebanon, Cyprus, South Africa and Chile - each representative of a different approach to transitional justice. These studies reveal how variations in transitional justice policies addressing the disappeared occur: explaining why victims' groups in some countries are caught in silence, while others bring perpetrators to account. Conceiving of transitional justice as a dynamic process, Kovras traces the different phases of truth recovery in post-transitional societies, giving substance not only to the 'why' but also the 'when' and 'how' of this kind of campaign against impunity. This book is essential reading for all those interested in the development of transitional justice and human rights. 7aDisappeared personsvCase studies.2BUEsh 7aDisappeared persons' familiesxPolitical activityvCase studies.2BUEsh 7aTransitional justicevCase studies.2BUEsh 2BUEsh cMarch2019bBUSBOL 2ddc 00102ddc40708BaccahaMAINbMAINc1STd2019-03-18ePurchaseg810.00h177l0o362.87 KOVp000043260r2025-07-15 00:00:00v1012.50yBB